[Event "First Saturday 2009 september IM-B"]
[Site "Budapest"]
[Date "2009.09.05"]
[Round "1.1"]
[White "Zalkind, Konstantin"]
[Black "Le, Thanh Tu"]
[Result "1-0"]
[WhiteElo "2107"]
[BlackElo "2305"]
[PlyCount "59"]
[EventDate "2009.09.05"]

1. d4 c5 2. d5 Nf6 3. c4 e6 4. Nc3 exd5 5. cxd5 d6 6. e4 g6 7. Bd3 Bg7 8. Nge2
O-O 9. O-O Ng4 10. h3 Ne5 11. Bc2 Na6 12. f4 Nc4 13. b3 Nb6 14. Be3 f5 15. Qd2
fxe4 16. Bxe4 Nc7 17. Rad1 Kh8 18. Kh2 Bf5 19. Bf3 Bd7 20. g4 Be8 21. Ng3 Nd7
22. Bg2 b5 23. f5 Be5 24. Bf4 Bf7 25. Bxe5+ Nxe5 26. Qh6 Rg8 27. Nce4 Be8 28.
Ng5 Rg7 29. f6 Rf7 30. Nxf7+ 1-0

[Event "First Saturday 2009 september IM-B"]
[Site "Budapest"]
[Date "2009.09.06"]
[Round "1.2"]
[White "Le, Thanh Tu"]
[Black "Szalanczy, Emil"]
[Result "1-0"]
[WhiteElo "2305"]
[BlackElo "2354"]
[PlyCount "109"]
[EventDate "2009.09.05"]

1. d4 c5 2. d5 e6 3. c4 exd5 4. cxd5 d6 5. Nc3 g6 6. Nf3 Bg7 7. g3 Nf6 8. Bg2
O-O 9. O-O Re8 10. Nd2 a6 11. a4 Nbd7 12. h3 Nh5 13. Nc4 Ne5 14. Na3 f5 15. Kh2
Bd7 16. Bd2 Nf6 17. Rb1 Rc8 18. b4 c4 19. a5 h5 20. h4 Ne4 21. Bxe4 fxe4 22.
Nc2 Ng4+ 23. Kg2 Bf5 24. Rc1 Qd7 25. Rh1 Rf8 26. Ne3 Bd4 27. Nxg4 Bxg4 28. Be1
Be5 29. Nxe4 c3 30. Bxc3 Qb5 31. f3 Bf5 32. Qd2 Rc4 33. Bxe5 Rxe4 34. fxe4
Bxe4+ 35. Kg1 dxe5 36. Rh2 Qd7 37. d6 Bc6 38. Rf1 Rxf1+ 39. Kxf1 Qf5+ 40. Kg1
Qb1+ 41. Kf2 Qf5+ 42. Ke1 Qb1+ 43. Qd1 Qxb4+ 44. Kf2 Qe4 45. Qb3+ Kg7 46. Ke1
Bd5 47. Qb2 Bc6 48. Rf2 Qe3 49. Qc2 Qxg3 50. Qc4 e4 51. Qf7+ Kh8 52. Qf6+ Kh7
53. Kf1 Qh3+ 54. Kg1 Qg4+ 55. Rg2 1-0

[Event "First Saturday 2009 september IM-B"]
[Site "Budapest"]
[Date "2009.09.06"]
[Round "1.2"]
[White "Shao, Shuai"]
[Black "Kahn, Evarth dr"]
[Result "1-0"]
[WhiteElo "2149"]
[BlackElo "2245"]
[PlyCount "105"]
[EventDate "2009.09.05"]

1. Nf3 g6 2. g3 Bg7 3. Bg2 d5 4. d4 c6 5. O-O Nf6 6. Nbd2 Bf5 7. c3 Qc8 8. Qb3
Nbd7 9. Re1 Ne4 10. Nh4 Be6 11. Nxe4 dxe4 12. Qc2 f5 13. f3 exf3 14. exf3 Nf6
15. Qe2 Kf7 16. f4 Re8 17. Nf3 Bd5 18. Be3 Kg8 19. c4 Be4 20. Rad1 e6 21. Ng5
Bxg2 22. Qxg2 h6 23. Nf3 Ne4 24. Nd2 Nf6 25. Bf2 Ng4 26. Nf3 c5 27. b3 Nxf2 28.
Qxf2 cxd4 29. Nxd4 e5 30. Nb5 Re6 31. fxe5 Rxe5 32. Rxe5 Bxe5 33. Qe3 Bg7 34.
Qe7 Qf8 35. Qxb7 Qc5+ 36. Kf1 Qf8 37. Nc7 Rb8 38. Qd5+ Kh7 39. Ne6 Qf6 40. Nxg7
Qxg7 41. Qd7 a5 42. Qxg7+ Kxg7 43. Rd7+ Kf6 44. Ra7 Kg5 45. Rxa5 Rd8 46. Rd5
Rxd5 47. cxd5 Kf6 48. a4 Ke5 49. a5 Kxd5 50. b4 Kc6 51. Kf2 g5 52. Ke3 Kb5 53.
Kd4 1-0

[Event "First Saturday 2009 september IM-B"]
[Site "Budapest"]
[Date "2009.09.06"]
[Round "1.2"]
[White "Zalkind, Konstantin"]
[Black "Berczes, Csaba"]
[Result "0-1"]
[WhiteElo "2107"]
[BlackElo "2368"]
[PlyCount "94"]
[EventDate "2009.09.05"]

1. d4 Nf6 2. c4 e6 3. Nc3 Bb4 4. e3 O-O 5. Nge2 d5 6. a3 Be7 7. cxd5 exd5 8. g3
c6 9. Bg2 Bf5 10. O-O Re8 11. Bd2 Nbd7 12. f3 Bg6 13. Nf4 Nb6 14. Nxg6 hxg6 15.
b3 Qd7 16. Qc2 a5 17. a4 Bb4 18. Rae1 g5 19. Qd3 g4 20. fxg4 Qxg4 21. Rf4 Qe6
22. e4 Bxc3 23. Bxc3 dxe4 24. Bxe4 Qd6 25. Bg2 Nbd5 26. Rff1 Nxc3 27. Qxc3 Red8
28. Rd1 Nd5 29. Bxd5 Qxd5 30. Rfe1 Re8 31. Kf2 Rad8 32. Rxe8+ Rxe8 33. Re1 Rxe1
34. Kxe1 Qh1+ 35. Kf2 Qxh2+ 36. Kf3 Qh1+ 37. Kf2 Qd5 38. Ke3 Qg2 39. Kf4 Qd5
40. Ke3 g6 41. Kf2 Kh7 42. Kf1 Kh6 43. Kf2 f5 44. Qe3+ g5 45. Kg1 Qe4 46. Qxe4
fxe4 47. Kf2 Kh5 0-1

[Event "First Saturday 2009 september IM-B"]
[Site "Budapest"]
[Date "2009.09.08"]
[Round "1.4"]
[White "Zalkind, Konstantin"]
[Black "Szalanczy, Emil"]
[Result "1-0"]
[WhiteElo "2107"]
[BlackElo "2354"]
[PlyCount "67"]
[EventDate "2009.09.05"]

1. d4 c5 2. d5 e6 3. c4 exd5 4. cxd5 d6 5. Nc3 g6 6. e4 Bg7 7. Bd3 Nh6 8. Nge2
Nd7 9. h3 O-O 10. Bf4 Ne5 11. Bc2 g5 12. Bxe5 Bxe5 13. Qd2 f5 14. h4 f4 15.
hxg5 Qxg5 16. g3 Bg4 17. Rg1 Bxc3 18. Nxc3 Rae8 19. gxf4 Rxf4 20. Ne2 Ref8 21.
Nxf4 Rxf4 22. Kf1 Nf7 23. Rg3 Ne5 24. Bd1 h5 25. Qe3 Kf7 26. Kg1 Qf6 27. Be2 h4
28. Rg2 Bxe2 29. Qxe2 Nf3+ 30. Kh1 a6 31. Rag1 Ke7 32. Rg7+ Kd8 33. Rxb7 Rg4
34. Rxg4 1-0

[Event "First Saturday 2009 september IM-B"]
[Site "Budapest"]
[Date "2009.09.09"]
[Round "1.5"]
[White "Kahn, Evarth dr"]
[Black "Le, Thanh Tu"]
[Result "0-1"]
[WhiteElo "2245"]
[BlackElo "2305"]
[PlyCount "108"]
[EventDate "2009.09.05"]

1. e4 e6 2. d4 d5 3. Nc3 Nf6 4. Bg5 Be7 5. e5 Nfd7 6. h4 Nc6 7. Qg4 f6 8. Bf4
fxe5 9. dxe5 Ndxe5 10. Qxg7 Nf7 11. O-O-O Bf6 12. Qg3 Nd4 13. Bxc7 Qe7 14. Rxd4
Bxd4 15. Nb5 Bf6 16. Nd6+ Nxd6 17. Bxd6 Qg7 18. Qb3 Bd7 19. Qxb7 Rc8 20. Bb5
Rd8 21. Bxd7+ Qxd7 22. Qxd7+ Kxd7 23. Bf4 e5 24. Bg5 Rhf8 25. f3 Rc8 26. Ne2
Ke6 27. Re1 Rc4 28. Nf4+ Kd6 29. Nd3 Bxg5+ 30. hxg5 Rf5 31. Rh1 Rxg5 32. Rxh7
Rxg2 33. c3 e4 34. Rh6+ Kc7 35. Nf4 Rg1+ 36. Kc2 exf3 37. Nxd5+ Kb8 38. Rf6 Rg3
39. Kd3 Rh4 40. Ke3 Rh2 41. b4 f2+ 42. Ke2 Rgg2 43. a4 f1=Q+ 44. Kxf1 Ra2 45.
Kg1 Rhg2+ 46. Kh1 Rgd2 47. Ne3 Ra1+ 48. Nf1 Rc2 49. Rf3 Rxa4 50. Rf8+ Kb7 51.
Rf7+ Kb6 52. Rf6+ Kb5 53. Rf5+ Kc6 54. Rf6+ Kd5 0-1

[Event "First Saturday 2009 september IM-B"]
[Site "Budapest"]
[Date "2009.09.09"]
[Round "1.5"]
[White "Szalanczy, Emil"]
[Black "Berczes, Csaba"]
[Result "1/2-1/2"]
[WhiteElo "2354"]
[BlackElo "2368"]
[PlyCount "148"]
[EventDate "2009.09.05"]

1. e4 c5 2. Nf3 Nc6 3. d4 cxd4 4. Nxd4 Qc7 5. Nc3 e6 6. Nxc6 bxc6 7. Bd3 Nf6 8.
O-O Be7 9. b3 O-O 10. Bb2 d5 11. Qe2 Bb7 12. e5 Nd7 13. f4 g6 14. Rae1 Rae8 15.
Na4 Nb6 16. Nc3 f5 17. Rc1 Nd7 18. Na4 c5 19. Bb5 Rd8 20. Bc3 Ba8 21. Rfd1 Rb8
22. Be1 Qb7 23. Bd3 Qc6 24. Nc3 Nb6 25. Bb5 Qc7 26. Na4 Nxa4 27. Bxa4 Qb7 28.
Rd3 d4 29. Ba5 Bd8 30. Bd2 a6 31. Re1 Bh4 32. Rd1 Rf7 33. c3 Qe4 34. Qf3 Bd8
35. Be1 Bb6 36. Bf2 Qxf3 37. gxf3 Rc7 38. cxd4 cxd4 39. Bxd4 Bxd4+ 40. Rxd4
Bxf3 41. Rd8+ Rxd8 42. Rxd8+ Kg7 43. Kf2 Bd5 44. Ke3 Rc3+ 45. Kd4 Rf3 46. Rd7+
Kh6 47. Kc5 Rxf4 48. Bc6 Bxc6 49. Kxc6 Re4 50. Kd6 Kg5 51. Kxe6 h5 52. Rd1 h4
53. Kd5 h3 54. Rg1+ Kf4 55. Rf1+ Ke3 56. Re1+ Kd3 57. Rxe4 fxe4 58. e6 e3 59.
e7 e2 60. e8=Q Kd2 61. b4 e1=Q 62. Qxe1+ Kxe1 63. a4 g5 64. Ke5 Kf2 65. Kf5 Kg2
66. b5 axb5 67. a5 Kxh2 68. a6 Kg1 69. a7 h2 70. a8=Q h1=Q 71. Qa1+ Kh2 72.
Qe5+ Kg1 73. Qe1+ Kh2 74. Qe5+ Kg1 1/2-1/2

[Event "First Saturday 2009 september IM-B"]
[Site "Budapest"]
[Date "2009.09.09"]
[Round "1.5"]
[White "Shao, Shuai"]
[Black "Zalkind, Konstantin"]
[Result "1/2-1/2"]
[WhiteElo "2149"]
[BlackElo "2107"]
[PlyCount "37"]
[EventDate "2009.09.05"]

1. d4 d6 2. c4 e5 3. dxe5 dxe5 4. Qxd8+ Kxd8 5. Nf3 f6 6. Nc3 Be6 7. e4 Nd7 8.
Be3 c6 9. a3 Kc7 10. Be2 Ne7 11. O-O Ng6 12. Rac1 Bc5 13. Bxc5 Nxc5 14. g3 Rhd8
15. Rcd1 a5 16. b4 axb4 17. axb4 Rxd1 18. Rxd1 Nd7 19. Rc1 1/2-1/2

[Event "First Saturday 2009 september IM-B"]
[Site "Budapest"]
[Date "2009.09.10"]
[Round "2.1"]
[White "Le, Thanh Tu"]
[Black "Zalkind, Konstantin"]
[Result "1-0"]
[WhiteElo "2305"]
[BlackElo "2107"]
[PlyCount "93"]
[EventDate "2009.09.05"]

1. d4 d6 2. c4 e5 3. Nf3 e4 4. Ng5 f5 5. Nc3 Be7 6. Nh3 Nf6 7. e3 O-O 8. Be2 c6
9. Nf4 Na6 10. Bd2 Nc7 11. b4 Kh8 12. Rb1 Qe8 13. h4 Ne6 14. d5 Nxf4 15. exf4
Bd7 16. g3 Rc8 17. O-O a6 18. a4 Qg6 19. Kg2 h6 20. a5 Qf7 21. dxc6 bxc6 22.
Be3 Be6 23. Na4 Ng4 24. Nb6 Nxe3+ 25. fxe3 Rc7 26. Qd2 Rd8 27. Rfc1 Bf6 28. Qc2
Ra7 29. Qa4 Qb7 30. Rd1 Bf7 31. Kh2 Qc7 32. Rbc1 Be7 33. Qc2 Bf6 34. Rd2 Be7
35. Kg2 Bf6 36. Qd1 Be7 37. Bh5 g6 38. Be2 h5 39. b5 axb5 40. cxb5 c5 41. Nd5
Bxd5 42. b6 Qb7 43. bxa7 Be6 44. a6 Qxa7 45. Rb2 Rd7 46. Rcb1 d5 47. Rb8+ 1-0

[Event "First Saturday 2009 september IM-B"]
[Site "Budapest"]
[Date "2009.09.10"]
[Round "2.1"]
[White "Shao, Shuai"]
[Black "Berczes, Csaba"]
[Result "0-1"]
[WhiteElo "2149"]
[BlackElo "2368"]
[PlyCount "42"]
[EventDate "2009.09.05"]

1. b4 e5 2. Bb2 Bxb4 3. Bxe5 Nf6 4. e3 O-O 5. Nf3 Re8 6. a3 Bf8 7. c4 d5 8. Bb2
c5 9. cxd5 Nxd5 10. Be2 Nc6 11. Qc2 Bg4 12. O-O Rc8 13. Nc3 Qd7 14. Ng5 Bf5 15.
Qb3 Nb6 16. a4 c4 17. Qd1 Na5 18. Nb5 Nb3 19. Nxa7 Rc5 20. Ra2 Ra8 21. Nb5 Rxb5
0-1

[Event "First Saturday 2009 september IM-B"]
[Site "Budapest"]
[Date "2009.09.10"]
[Round "2.1"]
[White "Szalanczy, Emil"]
[Black "Kahn, Evarth dr"]
[Result "1/2-1/2"]
[WhiteElo "2354"]
[BlackElo "2245"]
[PlyCount "36"]
[EventDate "2009.09.05"]

1. e4 c5 2. Nf3 d6 3. d4 cxd4 4. Nxd4 Nf6 5. Nc3 g6 6. Be3 Bg7 7. f3 O-O 8. Qd2
Nc6 9. O-O-O Be6 10. Nxe6 fxe6 11. Bc4 Qc8 12. Bb3 Na5 13. Kb1 Nxb3 14. cxb3
Qc6 15. Bd4 Nd7 16. Bxg7 Kxg7 17. Rc1 Qb6 18. Rhd1 Rac8 1/2-1/2

[Event "First Saturday 2009 september IM-B"]
[Site "Budapest"]
[Date "2009.09.11"]
[Round "2.2"]
[White "Szalanczy, Emil"]
[Black "Le, Thanh Tu"]
[Result "0-1"]
[WhiteElo "2354"]
[BlackElo "2305"]
[PlyCount "82"]
[EventDate "2009.09.05"]

1. e4 e6 2. d4 d5 3. Nc3 Nf6 4. e5 Nfd7 5. f4 c5 6. Nf3 Nc6 7. Be3 cxd4 8. Nxd4
Bc5 9. Qd2 a6 10. O-O-O O-O 11. h4 Nxd4 12. Bxd4 b5 13. h5 b4 14. Na4 Bxd4 15.
Qxd4 a5 16. Kb1 Qc7 17. Bb5 Rb8 18. Bd3 Bb7 19. h6 g6 20. Rhe1 Bc6 21. Nc5 Bb5
22. Nxd7 Qxd7 23. f5 Qe7 24. g4 Rfc8 25. Rf1 Bxd3 26. cxd3 b3 27. a3 Rc2 28.
fxe6 fxe6 29. Rc1 Qc7 30. Qf4 Rc8 31. Rxc2 Qxc2+ 32. Ka1 Qc7 33. d4 a4 34. g5
Qe7 35. Kb1 Rc2 36. Qf3 Rc4 37. Qg4 Rc8 38. Qh3 Rc4 39. Qh4 Rc2 40. Qg3 Qc7 41.
Qf4 Rxb2+ 0-1

[Event "First Saturday 2009 september IM-B"]
[Site "Budapest"]
[Date "2009.09.11"]
[Round "2.2"]
[White "Berczes, Csaba"]
[Black "Zalkind, Konstantin"]
[Result "1-0"]
[WhiteElo "2368"]
[BlackElo "2107"]
[PlyCount "59"]
[EventDate "2009.09.05"]

1. Nf3 d6 2. d4 Bg4 3. e4 Nf6 4. Nc3 e6 5. Be2 Be7 6. O-O O-O 7. d5 e5 8. Nd2
Bxe2 9. Qxe2 c6 10. a4 Nbd7 11. Nc4 Qc7 12. Rd1 Nc5 13. f3 Rac8 14. b3 Nfd7 15.
a5 b5 16. dxc6 bxc4 17. Nd5 Qd8 18. cxd7 Nxd7 19. b4 Nf6 20. Be3 Nxd5 21. Rxd5
Qd7 22. b5 Rb8 23. Qxc4 Rfc8 24. Qd3 Qc7 25. c4 h6 26. Bf2 Qb7 27. a6 Qc7 28.
c5 dxc5 29. Rd7 c4 30. Qd5 1-0